000
00258nam a2200097Ia 4500
008
220204s9999 xx 000 0 und d
082
_a
810
_b
REA
245
0
_a
Reader's digest: Write better speak better
260
_a
Hongkong
_b
Readers Digest
_c
1975
942
_c
BK
999
_c
23295
_d
23295